[Event "Mumbai Mayors Cup 1st"]
[Site "Mumbai"]
[Date "2008.05.12"]
[Round "2"]
[White "Akshay, H Bhor"]
[Black "Joshi, Pankaj"]
[Result "0-1"]
[WhiteElo "1974"]
[BlackElo "2284"]
[PlyCount "124"]
[EventDate "2008.05.11"]
[EventType "swiss"]
[EventRounds "11"]
[EventCountry "IND"]
[SourceTitle "CBM 124 Extra"]
[Source "ChessBase"]
[SourceDate "2008.07.03"]
[SourceVersion "1"]
[SourceVersionDate "2008.07.03"]
[SourceQuality "1"]

1. d4 Nf6 2. Nf3 g6 3. Bg5 Bg7 4. Nbd2 0-0 5. e3 b6 6. Bd3 Bb7 7. Qe2 c5 8. 0-0 Nc6 9. c3 d6 10. Rad1 Qc7 11. Rfe1 a6 12. Bb1 b5 13. dxc5 dxc5 14. Bxf6 exf6 15. e4 Rfe8 16. Qf1 Na5 17. b4 cxb4 18. cxb4 Nc6 19. a3 Qb6 20. Nb3 Bf8 21. Nbd4 Rac8 22. Nxc6 Rxc6 23. Qd3 Rce6 24. Qd4 Qc7 25. Rc1 Qf4 26. Qd2 Bh6 27. Rcd1 Bxe4 28. Qxf4 Bxf4 29. Bxe4 Rxe4 30. Rxe4 Rxe4 31. Kf1 Kf8 32. g3 Bc7 33. Rd2 Bb6 34. Rd6 Re6 35. Rd3 Rc6 36. Ke2 Rc2+ 37. Nd2 Ke7 38. Kd1 Rc6 39. f4 Ke6 40. Nf3 h5 41. Kd2 Kf5 42. h3 Ke4 43. Ke2 h4 44. Nxh4 Rc2+ 45. Rd2 Rxd2+ 46. Kxd2 Bf2 47. f5 g5 48. Ng2 Bxg3 49. Ke2 Kxf5 50. Kf3 Be5 51. Ne3+ Ke6 52. Ke4 Bb2 53. Nc2 f5+ 54. Ke3 Ke5 55. Kf3 Bc1 56. Ke2 Ke4 57. Kd1 Bb2 58. Ke2 f4 59. Kf2 Bc3 60. Ke2 f5 61. Kf2 Kd3 62. Ne1+ Bxe1+ 0-1

[Event "Chennai WinTV op 1st"]
[Site "Chennai"]
[Date "2004.01.22"]
[Round "2"]
[White "Suvrajit, Saha"]
[Black "Akshay, H Bhor"]
[Result "1-0"]
[WhiteElo "2351"]
[BlackElo "1941"]
[PlyCount "59"]
[EventDate "2004.01.21"]
[EventType "swiss"]
[EventRounds "13"]
[EventCountry "IND"]
[SourceTitle "CBM 098 Extra"]
[Source "ChessBase"]
[SourceDate "2004.03.10"]
[SourceVersion "2"]
[SourceVersionDate "2004.03.10"]
[SourceQuality "1"]

1. d4 Nf6 2. c4 e6 3. Nc3 Bb4 4. e3 c5 5. Nge2 0-0 6. a3 Bxc3+ 7. Nxc3 cxd4 8. exd4 d5 9. c5 Re8 10. Bb5 Bd7 11. 0-0 a6 12. Bd3 Nc6 13. Bc2 h6 14. Bf4 e5 15. dxe5 Nxe5 16. Nxd5 Bb5 17. Nb6 Bxf1 18. Nxa8 Nd5 19. Bxe5 Rxe5 20. Qd4 Qg5 21. Kxf1 Nf4 22. g3 Ne6 23. Qd3 Rxc5 24. Nb6 Rxc2 25. Qxc2 Qb5+ 26. Nc4 Nd4 27. Qd3 Nb3 28. Rd1 Na5 29. Nxa5 Qxa5 30. Qd8+ 1-0